000 00203nam a22000857a 4500
008 170202b xxu||||| |||| 00| 0 eng d
100 _92743
_aCBSE
245 _aEntre Jeunes-IX
260 _aNew Delhi
_bCBSE
_c2007
999 _c5921
_d5921